000 00623nam a2200181 a 4500
001 000034075
005 20240705073647.0
008 110923s1904 sp 000 0 spa d
040 _aDO-SdBNP
_bspa
_cBNPHU
082 _a301
_bH831t
100 1 _aHostos, Eugenio María de,
_d1839-1903
_91352
245 1 0 _aTratado de sociología /
_cEugenio M. de Hostos.
260 _aMadrid :
_bImprenta de Bailly-Bailliere é Hijos,
_c1904.
300 _a272 p. ;
_c18 cm.
590 _aPerteneció a la biblioteca personal de Juan Isidro Jimenes Grullón.
650 0 _aSociología
_91061
910 _aValidado. Control de calidad BNPHU
999 _c33566
_d33566